000 02027nam0a22003371 4500
001 rc\3378885
005 20260407215700.0
010 _d15 к.
_91750
021 _aRU
_b[72-85765]
035 _a(NLR Aleph) 007533243
090 _a7761490
_c7761490
100 _a20130115d1972 |||y0rusy50 ca
101 0 _arus
102 _aRU
105 _ay z 1||||
200 1 _aТезисы докладов и сообщений на семинаре "Автоматизация электростанций и энергосистем". 27 ноября 1972 года
_fМ-во энергетики и электрификации СССР. Главниипроект. Информэнерго. Главтехуправление. СЦНТИ Энергонот Оргрэс
210 _aМосква
_d1972
215 _a48 с.
_d20
532 1 3 _aТезисы докладов и сообщений на семинаре Автоматизация электростанций и энергосистем. 27 ноября 1972 года
606 1 _aЭлектрические станции
_jТезисы докладов
_xАвтоматизация
_91415082
_3RU\NLR\AUTH\66285065
686 0 _aз277-05я43
_2rubbk
710 1 2 _a"Автоматизация электростанций и энергосистем", семинар
_eМосква
_f1972
_9836591
_3RU\NLR\AUTH\880585392
712 0 1 _4650
_aСССР
_bМинистерство энергетики и электрификации
_bГлавное управление научно-исследовательских и проектных организаций
_3RU\NLR\AUTH\8810145742
_9785803
712 0 2 _4650
_aЦентр научно-технической информации по энергетике и электрификации
_cМосква
_3RU\NLR\AUTH\889928210
_9352052
801 0 _aRU
_bNLR
_gpsbo
801 1 _aRU
_bELAR
_2rusmarc
801 2 _aRU
_bNLR
_c20140401
_2rusmarc
852 _aNLR
_j72-4/30648
942 _cBOOK
980 _aNB